000 00859nam a2200253 a 4500
001 000035358
005 20250529134002.0
008 111027s1966 sp 000 0 spa d
040 _aDO-SdBNP
_bspa
_cBNPHU
082 _a909
_bO77r, 1966
100 1 _aOrtega y Gasset, José,
_d1883-1955
_95769
245 1 3 _aLa rebelión de las masas /
_cJosé Ortega y Gasset.
250 _a39a ed.
260 _aMadrid, :
_bRevista occidente,
_c1966.
300 _a369 p. ;
_c18 cm.
490 1 _aEl arquero
504 _aIncluye referencias bibliográficas y notas al pie de las páginas
590 _aPerteneció a la biblioteca personal de Juan Isidro Jimenes Grullón
650 0 _aCivilización
_94943
650 0 _aProletariado
_921172
651 4 _aEuropa
_xCivilización
_921171
830 0 _aEl arquero
_935617
910 _aValidado. Control de calidad MFF
999 _c34849
_d34849